Mahathir disebalik tabir

Bibliographic Details
Main Author: ZAINUDDIN Maidin
Format: Book
Published: Kuala Lumpur : Utusan Pub.& Dist. , 1994
Subjects:

MARC

LEADER 00000cam a2200000 7i4500
001 0000000767
005 20001002.0
020 0 0 |a 9676104841 
090 0 0 |a 923.2595   |b ZAI 1994 
100 0 0 |a ZAINUDDIN Maidin 
245 1 0 |a Mahathir disebalik tabir   |c Zainuddin Maidin 
260 0 0 |a Kuala Lumpur :   |b Utusan Pub.& Dist. ,   |c 1994 
300 |a xi, 341 p. :   |b ill. ;   |c 18 cm. 
600 0 0 |a Mahathir bin Mohamad   |f Dato' Seri ,   |c 1925- 
650 0 0 |a Prime ministers   |z Malaysia   |x Biography 
651 0 0 |a Malaysia   |x Politics and government 
999 |a 0000000251   |b Monograph   |c Open Shelf   |e Default branch